| 000 | 00674nam a2200241Ia 4500 | ||
|---|---|---|---|
| 001 | 26327 | ||
| 005 | 20240114000920.0 | ||
| 007 | ta | ||
| 008 | 060506s1990 g b000 u 465 u | ||
| 040 | _aCotton College,Assam | ||
| 041 | _a465 | ||
| 082 |
_a100 _bLa 22 An |
||
| 100 | _aLang, Berel . | ||
| 245 | 0 |
_aThe Anatomy of Philosophical Style: Literary Philosophy and the of Literature / _cBerel Lang. _hTextual Documents |
|
| 250 | _a1st ed. / | ||
| 260 |
_aOxford : _bBasil Black Well , _c1990. |
||
| 300 |
_a275p. ; _c22cm. |
||
| 653 | _aLiterature-Philosophy | ||
| 653 | _aG-Philosophy | ||
| 942 |
_2ddc _cBK |
||
| 999 |
_c26309 _d26309 |
||